FOREST ecology

Bibliographic Details
Other Authors: Barnes 1930-
Format: Book
Published: New York : J. Wiley , 1998
Edition:4th ed.
Subjects:

MARC

LEADER 00000cam a2200000 7i4500
001 0000002057
005 20020917.0
020 0 0 |a 0471308226 
090 0 0 |a 577.3   |b FOR 1998 
245 0 0 |a FOREST ecology   |c Burton V. Barnes ... (et al.) 
250 0 0 |a 4th ed. 
260 0 0 |a New York :   |b J. Wiley ,   |c 1998 
300 |a xviii, 774 p. :   |b ill. ;   |c 26 cm. 
500 0 0 |a Includes biliography: p. 679-752 and index 
650 0 0 |a Forest ecology 
700 0 1 |a Barnes   |h Burton V. ,   |c 1930- 
998 |a JPSM 
999 |a 0000003430   |b Monograph   |c Open Shelf   |e Default branch